Membrane separation systems : recent developments and future directions /
Guardado en:
| Otros Autores: | |
|---|---|
| Formato: | Libro |
| Idioma: | English |
| Publicado: |
Park Ridge, N.J., U.S.A. :
Noyes Data Corp.,
c1991.
|
| Materias: | |
| Acceso en línea: | Descripción |
| Etiquetas: |
Agregar Etiqueta
Sin Etiquetas, Sea el primero en etiquetar este registro!
|
| LEADER | 00866pam a22002175a 4500 | ||
|---|---|---|---|
| 001 | EIQ.libpla002780 | ||
| 008 | 901101s1991####njua#####b####001#0#eng#d | ||
| 005 | 20070823184945.0 | ||
| 245 | 0 | 0 | |a Membrane separation systems : |b recent developments and future directions / |c by R.W. Baker ... [et al.]. |
| 260 | |a Park Ridge, N.J., U.S.A. : |b Noyes Data Corp., |c c1991. | ||
| 300 | |a xv, 451 : |b il. ; |c 25 cm. | ||
| 504 | |a Incluye referencias bibliográficas e índice. | ||
| 020 | |a 0815512708 | ||
| 700 | 1 | |a Baker, Richard W. |q (Richard William), |d 1941- | |
| 082 | 0 | 0 | |a 660/.2842 |2 20 |
| 650 | 4 | |a Procesos |x Separación de membranas. | |
| 650 | 4 | |a Processes |x Membrane separation. | |
| 010 | |a 90023675 | ||
| 040 | |a DLC |c DLC |d AR-BbSID | ||
| 856 | 4 | 2 | |3 Descripción |u http://www.loc.gov/catdir/description/wap041/90023675.html |
| 859 | |a AR-BbSID |b BIB. PLAPIQUI |h 660.284 2 |i M 512 |p 5614 | ||
